Library Banner

Information systems concepts for management (Record no. 2125)

MARC details
000 -LEADER
fixed length control field 00493nam a2200193Ia 4500
001 - CONTROL NUMBER
control field 1815
008 - FIXED-LENGTH DATA ELEMENTS--GENERAL INFORMATION
fixed length control field 140313s9999 xx 000 0 und d
020 ## - INTERNATIONAL STANDARD BOOK NUMBER
International Standard Book Number 0071007997
040 ## - CATALOGING SOURCE
Transcribing agency PK-LaUMT
082 ## - DEWEY DECIMAL CLASSIFICATION NUMBER
Classification number 658.4038
Item number LUC-I
100 ## - MAIN ENTRY--PERSONAL NAME
Personal name Henry C.Lucas
245 ## - TITLE STATEMENT
Title Information systems concepts for management
Statement of responsibility, etc Henry C.Lucas
250 ## - EDITION STATEMENT
Edition statement 4th
260 ## - PUBLICATION, DISTRIBUTION, ETC. (IMPRINT)
Place of publication, distribution, etc New York,USA:
Name of publisher, distributor, etc McGraw-Hill,
Date of publication, distribution, etc 1990
300 ## - PHYSICAL DESCRIPTION
Extent 530 p.
546 ## - LANGUAGE NOTE
Language note EN
650 ## - SUBJECT ADDED ENTRY--TOPICAL TERM
Topical term or geographic name as entry element Information resources management
942 ## - ADDED ENTRY ELEMENTS (KOHA)
Koha item type Books
Holdings
Withdrawn status Lost status Damaged status Not for loan Home library Current library Date acquired Total Checkouts Full call number Barcode Date last seen Price effective from Koha item type
        UMT Main Campus UMT Main Campus 2014-03-13   658.4038 LUC-I 1470 2014-03-13 2014-03-13 Books